| Tag |
First Indicator |
Second Indicator |
Subfields |
| LEADER |
00000cam a2200000Ii 4500 |
| 001 |
in00004354021 |
| 005 |
20210422110054.0 |
| 008 |
191214t20202020gw b 001 0 eng d |
| 010 |
|
|
|a 2020933299
|
| 020 |
|
|
|a 9783110683639
|q (hardcover)
|
| 020 |
|
|
|a 3110683636
|q (hardcover)
|
| 035 |
|
|
|a (OCoLC)on1130672467
|
| 040 |
|
|
|a YDX
|e rda
|c YDX
|d STF
|d CDX
|d UtOrBLW
|
| 049 |
|
|
|a TXAM
|
| 050 |
|
4 |
|a B380
|b .R43 2020
|
| 082 |
0 |
|
|a 184
|2 23
|
| 245 |
0 |
4 |
|a The reception of Plato's Phaedrus from antiquity to the Renaissance /
|c edited by Sylvain Delcomminette, Pieter d'Hoine and Marc-Antoine Gavray.
|
| 264 |
|
1 |
|a Berlin ;
|a Boston :
|b Walter de Gruyter GmbH,
|c [2020]
|
| 264 |
|
4 |
|c ©2020
|
| 300 |
|
|
|a vi, 286 pages ;
|c 24 cm.
|
| 336 |
|
|
|a text
|b txt
|2 rdacontent
|
| 337 |
|
|
|a unmediated
|b n
|2 rdamedia
|
| 338 |
|
|
|a volume
|b nc
|2 rdacarrier
|
| 490 |
1 |
|
|a Beiträge zur Altertumskunde ;
|v Band 384
|
| 504 |
|
|
|a Includes bibliographical references (pages [249]-263) and indexes.
|
| 505 |
0 |
|
|a Introduction -- The influence of Plato's Phaedrus on Aristotle's Rhetoric / Nicolas Zaks -- Galen's self-understanding and the Platonic Phaedrus / Teun Tieleman -- The causality of the self-moving soul: Platonic responses to the objections of De Anima I 3 / Alexandra Michalewski -- Beauty and recollection: from the Phaedrus to the Enneads / Suzanne Stern-Gillet -- The Phaedrus as testimony of a theology of the Gentiles according to the School of Alexandria / Claudio Moreschini -- The reception of Plato's Phaedrus in early Christianity / George Karamanolis -- Echoes of the Phaedrus in Augustine's discussion with Porphyry / Gerd Van Riel -- Plato's Phaedrus as a manual for neoplatonic hermeneutics: the case of the anonymous Prolegomena to Plato's philosophy / Pieter d'Hoine -- Plato's Phaedrus as a manual for neoplatonic hermeneutics: inspired poetry and allegory in Proclus / Marc-Antoine Gavray -- How to lead souls to beauty: Hermias on the unity of the Phaedrus / Saskia Aerts -- Proclus on the climax of the Phaedrus (247c6-d1) / Simon Fortier -- Michael Psellos' exegesis of the expedition of gods and the chariot flight of the soul / Pantelis Golitsis -- The Phaedrus in the Renaissance: poison or remedy? / Guy Claessens.
|
| 520 |
|
|
|a This volume explores the tremendous influence of Plato's Phaedrus on the philosophical, religious, scientific and literary discussions in the West. Ranging from Plato's first readers, over the Church Fathers and the Platonic commentators, to Byzantine and Renaissance thinkers, the papers collected here introduce the reader to the first two millennia of the dialogue's reception history. Thirteen contributions by both junior and established scholars study the engagement with the Phaedrus by such major figures as Aristotle, Galen, Origen, Clemens of Alexandria, Plotinus, Augustine, Proclus, Psellus, Ficino, Erasmus and many others. Together, they cover the wide range of topics discussed in the dialogue, the value of myth and allegory, religion and theology, love and beauty, the soul and its immortality, teaching and learning, metaphysics and epistemology, rhetoric and dialectic, as well as the role and the limits of writing. By placing the dialogue in this broad perspective, the volume will appeal to readers interested in the Phaedrus itself, as well as to classicists, literary theorists and historians of philosophy, science and religion concerned with the dialogue's reception history and its main protagonists.
|
| 600 |
0 |
0 |
|a Plato.
|t Phaedrus.
|0 http://id.loc.gov/authorities/names/n82063319
|
| 650 |
|
0 |
|a Philosophy, Ancient.
|0 http://id.loc.gov/authorities/subjects/sh85100861
|
| 700 |
1 |
|
|a Delcomminette, Sylvain,
|e editor.
|0 http://id.loc.gov/authorities/names/n2002100502
|
| 700 |
1 |
|
|a Hoine, Pieter d',
|e editor,
|e contributor.
|0 http://id.loc.gov/authorities/names/no2007049717
|
| 700 |
1 |
|
|a Gavray, Marc-Antoine,
|e editor,
|e contributor.
|0 http://id.loc.gov/authorities/names/n2007079761
|
| 830 |
|
0 |
|a Beiträge zur Altertumskunde ;
|v Bd. 384.
|0 http://id.loc.gov/authorities/names/n91054886
|
| 945 |
|
|
|b 683955
|
| 947 |
|
|
|a A14850733578
|
| 948 |
|
|
|a cataloged
|b h
|c 2020/12/22
|d c
|e dmitchel
|f 9:10:20 am
|
| 994 |
|
|
|a 92
|b TXA
|
| 999 |
f |
f |
|s 7853457f-278c-36c0-9689-6c5f873fef67
|i 0d39a280-e64a-3254-aef4-6d658fd70794
|t 0
|
| 952 |
f |
f |
|p normal
|a Texas A&M University
|b College Station
|c Sterling C. Evans Library
|d Evans: Library Stacks
|t 0
|e B380 .R43 2020
|h Library of Congress classification
|i unmediated -- volume
|m A14850733578
|
| 998 |
f |
f |
|a B380 .R43 2020
|t 0
|l Evans: Library Stacks
|